000
00210nam a22000857a 4500
008
170209b xxu||||| |||| 00| 0 eng d
100
_9
2843
_a
Verma
245
_a
Excellence in Mathematics-8
260
_a
New Delhi
_c
2014
999
_c
6061
_d
6061